Statistics for Films by emojis

Click here to take the quiz!

General Stats

  • This quiz has been taken 89 times
  • The average score is 5 of 10

Answer Stats

HintAnswer% Correct
πŸ¦–πŸ¦•πŸ”«πŸ›ΊJurassic Park
82%
πŸ§œβ€β™€οΈπŸ”±πŸ πŸ¦žπŸšπŸͺΈπŸ΄πŸ°πŸ’‹The Little Mermaid
76%
πŸ‘§πŸΌπŸ—πŸšͺπŸ«–πŸ¬πŸ°πŸ‡β€οΈπŸ‘ΈπŸŒΉAlice in Wonderland
66%
πŸ¦Έβ€β™‚οΈπŸ”¨βš‘οΈπŸŒ©Thor
66%
πŸ‘§πŸ πŸŒͺπŸ§™πŸ»β€β™€οΈπŸŸ©πŸ§±πŸ‘ Wizard of Oz
61%
πŸ‘§πŸ₯€πŸ«–πŸ°πŸ’›Beauty and the Beast
60%
πŸ‘±πŸ»β€β™€οΈπŸ’„πŸ’…πŸ«πŸ›βš–οΈLegally Blonde
39%
πŸ‘±πŸ»β€β™€οΈπŸ©·πŸ’…πŸ§πŸ‘πŸŽ€πŸ‘™πŸ‘—πŸ‘‘πŸ›πŸ’„πŸ’Barbie
31%
πŸ’‹πŸ’ƒπŸ•΄πŸ‘—πŸ›πŸŽΉπŸ’ΆπŸ’ΆπŸ½πŸ©Pretty Woman
24%
πŸ‘¨β€βš•οΈπŸ©»πŸš™πŸ‘πŸ§˜β€β™‚οΈπŸ‘˜β›©οΈπŸ—»πŸ¦Έβ€β™‚οΈDoctor Strange
15%

Score Distribution

Percentile by Number Answered

Percent of People with Each Score

Your Score History

You have not taken this quiz